[Event "Druzynowe Mistrzostwa Polski Juniorow 2018 - II Liga"]
[Site "Szczyrk"]
[Date "1899-12-30"]
[Round "10.71"]
[White "Kucharska, Helena"]
[Black "Piotrowska, Florentyna"]
[Result "1-0"]
[WhiteTitle "I"]
[BlackTitle "I"]
[WhiteElo "1322"]
[BlackElo "1259"]

1. d4 d5 2. c4 e6 3. Nc3 Nf6 4. cxd5 exd5 5. Bg5 Nbd7 6. e3 c6 7. Bd3 Bd6 8. Qc2
h6 9. Bh4 O-O 10. h3 Qc7 11. Nf3 Re8 12. O-O-O b5 13. Kb1 Bb7 14. Rc1 Rec8 15.
g4 a6 16. g5 hxg5 17. Bxg5 Re8 18. h4 b4 19. Ne2 Ne4 20. Rhg1 Nxg5 21. Rxg5 Nf6
22. Rcg1 Bf8 23. h5 Ne4 24. Bxe4 Rxe4 25. Rxd5 Re6 26. Nf4 Rh6 27. Rdg5 Qd6 28.
Nh4 Bc8 29. Nf5 Bxf5 30. Qxf5 Rb8 31. Qg4 Qf6 32. Ne2 Rh7 33. Ng3 Be7 34. Ne4
Qh6 35. Ra5 Ra8 36. Qd7 Qe6 37. Qxe6 fxe6 38. Re5 Kf7 39. Ng5+ Bxg5 40. Rgxg5
Rh6 41. Rc5 Rc8 42. Rc4 Rf6 43. f4 Rf5 44. Rc5 Kf6 45. Kc2 Rxc5+ 46. Rxc5 Ke7
47. Kb3 Kd6 48. Kxb4 Rb8+ 49. Kc3 Kd7 50. Rg5 Kd6 51. Rxg7 1-0

[Event "Druzynowe Mistrzostwa Polski Juniorow 2018 - II Liga"]
[Site "Szczyrk"]
[Date "1899-12-30"]
[Round "10.72"]
[White "Jedrzejewska, Zuzanna"]
[Black "Cieslak, Jessica"]
[Result "0-1"]
[WhiteTitle "I"]
[BlackTitle "I"]
[WhiteElo "1242"]
[BlackElo "1247"]

1. e4 c5 2. Nf3 d6 3. d4 cxd4 4. Nxd4 Nf6 5. Nc3 g6 6. Be3 Bg7 7. f3 a6 8. Qd2
Nbd7 9. O-O-O h6 10. h4 b5 11. g4 Bb7 12. Bg2 Ne5 13. Bf1 Nfd7 14. Be2 Nb6 15.
Nb3 Nbc4 16. Bxc4 Nxc4 17. Qd3 Nxe3 18. Qxe3 Rc8 19. Nd5 Bxd5 20. exd5 Qc7 21.
Rh2 Qc4 22. Re1 Be5 23. Rd2 Qf4 24. Qd3 Qg3 25. Rde2 Qxh4 26. Kb1 O-O 27. Na5
Rfe8 28. Nc6 e6 29. Nxe5 exd5 30. Nxg6 Qxe1+ 31. Rxe1 Rxe1+ 32. Qd1 Rxd1# 0-1

[Event "Druzynowe Mistrzostwa Polski Juniorow 2018 - II Liga"]
[Site "Szczyrk"]
[Date "1899-12-30"]
[Round "10.73"]
[White "Dzwierzynski, Bartosz"]
[Black "Slomczewski, Michal"]
[Result "0-1"]
[WhiteTitle "I"]
[BlackTitle "I+"]
[WhiteElo "1815"]
[BlackElo "2068"]

1. d4 c5 2. d5 e6 3. c4 Nf6 4. Nc3 exd5 5. cxd5 d6 6. e4 g6 7. f4 Bg7 8. Bb5+ Nfd7
9. a4 O-O 10. Nf3 Na6 11. O-O Nc7 12. Bxd7 Bxd7 13. f5 h6 14. Qe1 b5 15. Qg3 b4
16. Ne2 Qf6 17. Bf4 Rfe8 18. Nd2 g5 19. Bxd6 Qxb2 20. f6 Qxd2 21. fxg7 Qxe2 22.
Rae1 Qg4 23. Qf2 f5 24. h3 Qh4 25. Bg3 Qh5 26. Bxc7 f4 27. Qxc5 Rac8 28. Qd6 Bxh3
29. gxh3 Qxh3 30. Rf2 Qg3+ 31. Kf1 Qd3+ 32. Kg1 Qg3+ 33. Kf1 Qd3+ 34. Kg1 Qc3
35. Rff1 Rxc7 36. Qg6 Re5 37. d6 Qg3+ 38. Kh1 Rc2 0-1

[Event "Druzynowe Mistrzostwa Polski Juniorow 2018 - II Liga"]
[Site "Szczyrk"]
[Date "1899-12-30"]
[Round "10.74"]
[White "Guzik, Natalia"]
[Black "Kiszka, Arkadiusz"]
[Result "0-1"]
[WhiteTitle "I++"]
[BlackTitle "II"]
[WhiteElo "1668"]
[BlackElo "1592"]

1. e4 c5 2. Nf3 d6 3. d4 cxd4 4. Nxd4 Nf6 5. Nc3 g6 6. f3 Bg7 7. Be3 O-O 8. Nb3
Nc6 9. Qd2 Be6 10. g4 Ne5 11. Be2 d5 12. g5 Ne8 13. exd5 Bf5 14. Nd4 Nd6 15. Nxf5
Nxf5 16. Bf2 Qc8 17. f4 Nc4 18. Bxc4 Qxc4 19. O-O-O Rfc8 20. Rhe1 Bxc3 21. Qxc3
Qxa2 22. Qa3 Qc4 23. Rd2 Qxf4 24. Bc5 Rc7 25. Be3 Qc4 26. b3 Qe4 27. Bf2 Qf4 28.
Bg3 Nxg3 29. hxg3 Qxg5 30. d6 exd6 31. Qxd6 Rac8 32. Re5 Rxc2+ 33. Kd1 Rxd2+ 34.
Qxd2 Qxe5 0-1

[Event "Druzynowe Mistrzostwa Polski Juniorow 2018 - II Liga"]
[Site "Szczyrk"]
[Date "1899-12-30"]
[Round "10.75"]
[White "Tokarz, Izabela"]
[Black "Szymoniak, Pawel"]
[Result "1-0"]
[WhiteTitle "I"]
[BlackTitle "III"]
[WhiteElo "1411"]
[BlackElo "1144"]

1. d4 d5 2. c4 dxc4 3. Nf3 Nf6 4. e3 e6 5. Bxc4 c5 6. O-O a6 7. Qe2 b5 8. Bb3 Bb7
9. Rd1 Nbd7 10. Bc2 Be7 11. dxc5 Bxc5 12. Nbd2 O-O 13. Nb3 Qb6 14. Nxc5 Nxc5 15.
b3 Rac8 16. Bb2 Ncd7 17. Rac1 Rfd8 18. Ne5 Nxe5 19. Bxe5 Nd5 20. Qh5 h6 21. Qg4
f6 22. Bd4 Qd6 23. Qg6 e5 24. Bb2 Qe6 25. Bf5 Qb6 26. Bxc8 Bxc8 27. Rxd5 Bf5 28.
Rxd8+ Qxd8 29. Qxf5 Kf7 30. h3 g6 31. Qc8 Qd5 32. Rc7+ Qd7 33. Qxd7+ 1-0

[Event "Druzynowe Mistrzostwa Polski Juniorow 2018 - II Liga"]
[Site "Szczyrk"]
[Date "1899-12-30"]
[Round "10.76"]
[White "Wojtasik, Szymon"]
[Black "Gaj, Magdalena"]
[Result "1/2-1/2"]
[WhiteTitle "II"]
[BlackTitle "I"]
[WhiteElo "1343"]
[BlackElo "1531"]

1. e4 c5 2. Nf3 d6 3. d4 cxd4 4. Nxd4 Nf6 5. Nc3 g6 6. Be3 Bg7 7. f3 O-O 8. Qd2
Nc6 9. g4 Be6 10. O-O-O Nxd4 11. Bxd4 Qa5 12. a3 Rab8 13. h4 b5 14. Nd5 Qxd2+
15. Rxd2 Bxd5 16. exd5 a5 17. Kb1 Rfc8 18. Bh3 Rc4 19. b3 Rc7 20. Kb2 a4 21. b4
Rc4 22. c3 Nd7 23. Rhd1 Nb6 24. Bf1 Bxd4 25. Rxd4 Rxd4 26. Rxd4 Nd7 27. f4 Nf6
28. Be2 Rb6 29. g5 Ne8 30. Bg4 Ng7 31. Re4 Kf8 32. Bd7 Nf5 33. Bxf5 gxf5 34. Re3
Rb7 35. h5 Rc7 36. Kc2 Rc4 37. Rf3 e6 38. dxe6 fxe6 39. Kd3 Kf7 40. Rf1 Re4 41.
Kd2 Kg7 42. Rf2 d5 43. Rf3 d4 44. cxd4 Rxd4+ 45. Kc3 Rc4+ 46. Kd2 Kf7 47. Kd3
Ke7 48. g6 hxg6 49. hxg6 Kf6 50. Rg3 Kg7 51. Re3 Rxf4 52. Rxe6 Rf3+ 53. Kd4 Rxa3
54. Kc5 Rg3 55. Kxb5 Rxg6 56. Re7+ Kf6 57. Ra7 Kg5 58. Kxa4 f4 59. b5 f3 60. Rf7
Rf6 61. Rg7+ Kf4 62. Rg1 Ke3 63. Ka5 f2 64. Rf1 Ke2 65. Rxf2+ Rxf2 66. b6 Kd3
67. b7 Rb2 68. Ka6 Kc4 69. Ka7 Ra2+ 70. Kb6 Rb2+ 71. Ka7 Kc5 72. Qb8 Rxb8 73.
Kxb8 1/2-1/2

[Event "Druzynowe Mistrzostwa Polski Juniorow 2018 - II Liga"]
[Site "Szczyrk"]
[Date "1899-12-30"]
[Round "10.77"]
[White "Trybowska, Barbara"]
[Black "Matyjasek, Michalina"]
[Result "1-0"]
[WhiteTitle "I++"]
[BlackTitle "I"]
[WhiteElo "1755"]
[BlackElo "1357"]

1. d4 Nf6 2. Nf3 e6 3. Bg5 h6 4. Bh4 d5 5. e3 Nbd7 6. c4 Bb4+ 7. Nbd2 O-O 8. a3
Be7 9. Bd3 c5 10. cxd5 Nxd5 11. Bxe7 Qxe7 12. O-O b6 13. Rc1 Bb7 14. Nc4 Rfd8
15. Qe2 cxd4 16. Nxd4 Nc5 17. b4 Nxd3 18. Qxd3 e5 19. Nf5 Qg5 20. h4 Qf6 21. Ncd6
Ne7 22. Nxe7+ Qxe7 23. Rfd1 Qxh4 24. Rc7 Be4 25. Qc4 Qf6 26. Qxe4 Rab8 27. Qc4
Kh8 28. Nxf7+ Kh7 29. Nxd8 Rxd8 30. Qc2+ Kh8 31. Rxd8+ Qxd8 32. Rc8 1-0

[Event "Druzynowe Mistrzostwa Polski Juniorow 2018 - II Liga"]
[Site "Szczyrk"]
[Date "1899-12-30"]
[Round "10.78"]
[White "Zajac, Aleksandra"]
[Black "Wojtowicz, Gabriela"]
[Result "1/2-1/2"]
[WhiteTitle "III"]
[BlackTitle "II"]
[WhiteElo "1000"]
[BlackElo "1000"]

1. e4 c5 2. Nf3 d6 3. d4 cxd4 4. Nxd4 Nf6 5. Nc3 g6 6. Be3 Bg7 7. f3 a6 8. Qd2
Nbd7 9. O-O-O b5 10. g4 Nb6 11. h4 h5 12. g5 Nfd7 13. Bh3 Nc4 14. Qf2 Nxe3 15.
Qxe3 Nb6 16. Bf1 b4 17. Nd5 Nxd5 18. exd5 Qb6 19. Qg1 Bd7 20. Ne6 Qxg1 21. Nxg7+
Kf8 22. Rxg1 Kxg7 23. Re1 Rhe8 24. Rg2 Ra7 25. Rge2 Bf5 26. Re3 Kf8 27. Rd1 Rc7
28. Bd3 Bc8 29. b3 Kg7 30. Re4 a5 31. Kb2 Bf5 32. Rc4 Rxc4 33. Bxc4 Rc8 1/2-1/2

[Event "Druzynowe Mistrzostwa Polski Juniorow 2018 - II Liga"]
[Site "Szczyrk"]
[Date "1899-12-30"]
[Round "10.79"]
[White "Laszczak, Przemyslaw"]
[Black "Marczak, Szymon"]
[Result "0-1"]
[WhiteTitle "k"]
[BlackTitle "I+"]
[WhiteElo "1990"]
[BlackElo "1954"]

1. d4 b6 2. c4 e6 3. e4 Bb7 4. Bd3 Nc6 5. Ne2 Nb4 6. Nbc3 Nxd3+ 7. Qxd3 d6 8. O-O
Ne7 9. f4 g6 10. f5 gxf5 11. d5 Bg7 12. Bg5 Qd7 13. Bxe7 fxe4 14. Qxe4 Qxe7 15.
Qg4 Be5 16. Nb5 h5 17. Qh3 a6 18. dxe6 fxe6 19. Nxc7+ Qxc7 20. Qxe6+ Qe7 21. Qg6+
Kd7 22. Rf7 Rag8 23. Qf5+ Ke8 24. Rxe7+ Kxe7 25. g3 h4 26. Nf4 hxg3 27. Qe6+ Kd8
28. Nd5 Bd4+ 29. Kg2 Rxh2+ 0-1

[Event "Druzynowe Mistrzostwa Polski Juniorow 2018 - II Liga"]
[Site "Szczyrk"]
[Date "1899-12-30"]
[Round "10.80"]
[White "Franek, Krzysztof"]
[Black "Trybus, Daniel"]
[Result "0-1"]
[WhiteTitle "III"]
[BlackTitle "I+"]
[WhiteElo "1156"]
[BlackElo "1793"]

1. d4 Nf6 2. Nf3 g6 3. Bf4 Bg7 4. e3 O-O 5. h3 d6 6. Bd3 Nbd7 7. O-O Qe8 8. Nbd2
e5 9. Bh2 e4 10. Be2 exf3 11. Nxf3 Ne4 12. Bd3 f5 13. c3 Ndf6 14. Rc1 Kh8 15.
c4 b6 16. b3 Bb7 17. Qe2 Qd7 18. Rfd1 c5 19. Rc2 Rae8 20. Ne1 cxd4 21. exd4 Nc3
22. Qd2 Nxd1 23. Qxd1 Ne4 24. Nf3 Re7 25. Bf4 Rfe8 26. d5 g5 27. Bh2 g4 28. hxg4
fxg4 29. Nd2 Nc3 0-1

[Event "Druzynowe Mistrzostwa Polski Juniorow 2018 - II Liga"]
[Site "Szczyrk"]
[Date "1899-12-30"]
[Round "10.81"]
[White "Syrkiewicz, Michal"]
[Black "Gabzdyl, Mateusz"]
[Result "1/2-1/2"]
[WhiteTitle "II+"]
[BlackTitle "III"]
[WhiteElo "1799"]
[BlackElo "1083"]

1. d4 d5 2. e3 Nf6 3. Bd3 c6 4. b3 Bg4 5. Nf3 e6 6. Bb2 Nbd7 7. Nbd2 Be7 8. Qb1
O-O 9. Ne5 Bh5 10. f4 Bg6 11. O-O Nxe5 12. dxe5 Bxd3 13. cxd3 Nd7 14. d4 Nb6 15.
Rf3 c5 16. Rh3 g6 17. Nf3 c4 18. Bc3 Rc8 19. Qe1 Qc7 20. Bb4 Kg7 21. g4 Rh8 22.
f5 Bxb4 23. f6+ Kg8 24. Qxb4 h6 25. Qd2 c3 26. Qc2 a5 27. Rc1 Qc6 28. Nh4 Qe8
29. e4 g5 30. Ng2 dxe4 31. Rxc3 Rxc3 32. Qxc3 Qd8 33. Qe3 Qd7 34. Qxe4 Nd5 35.
a4 Qe8 36. Rc4 Qf8 37. Qc2 Nb4 38. Qc1 Na2 39. Qd2 Nb4 40. Qc3 Kh7 41. Qf3 Nc6
42. Qe4+ Kg8 43. Rc5 Qd8 44. Ne3 Qxd4 45. Qxd4 Nxd4 46. Rc8+ Kh7 47. Rc7 Kg6 48.
Rxb7 Nf3+ 49. Kf2 Nxe5 50. Rb5 Nc6 51. Nc4 Ra8 52. Nb6 Ra6 53. Nc4 Kxf6 54. Ke3
1/2-1/2

[Event "Druzynowe Mistrzostwa Polski Juniorow 2018 - II Liga"]
[Site "Szczyrk"]
[Date "1899-12-30"]
[Round "10.82"]
[White "Grzybek, Mikolaj"]
[Black "Czarnomski, Dominik"]
[Result "0-1"]
[WhiteTitle "II"]
[BlackTitle "II+"]
[WhiteElo "1375"]
[BlackElo "1454"]

1. e4 g6 2. d4 Bg7 3. Nc3 d6 4. Bc4 a6 5. a3 b5 6. Ba2 Bb7 7. Nge2 Nd7 8. O-O Ngf6
9. f3 c5 10. Be3 O-O 11. e5 dxe5 12. dxe5 Nxe5 13. Qxd8 Rfxd8 14. Bxc5 Rd2 15.
Rac1 Kf8 16. Rfd1 Rad8 17. Rxd2 Rxd2 18. Kf2 Bh6 19. Bb3 Bd5 20. Nxd5 Nxd5 21.
Re1 Nc4 22. Bd4 Be3+ 23. Bxe3 Ndxe3 24. Bxc4 Nxc4 25. b3 Nxa3 26. Rc1 Rxc2 27.
Rxc2 Nxc2 28. Nc1 e5 29. Ke2 Ke7 30. Kd3 Ne1+ 31. Ke4 Ke6 32. g4 f5+ 33. Ke3 a5
34. Ke2 Ng2 35. Na2 b4 36. Kd3 Kd5 37. Nc1 Nf4+ 38. Ke3 fxg4 39. fxg4 g5 40. Na2
e4 41. Nc1 Ke5 42. h3 h6 43. Na2 Nxh3 44. Nc1 Nf4 45. Na2 h5 46. gxh5 Nxh5 47.
Nc1 Nf4 48. Na2 Nd3 49. Kd2 g4 50. Ke3 g3 0-1

[Event "Druzynowe Mistrzostwa Polski Juniorow 2018 - II Liga"]
[Site "Szczyrk"]
[Date "1899-12-30"]
[Round "10.83"]
[White "Nowacka, Dorota"]
[Black "Kindler, Karolina"]
[Result "1/2-1/2"]
[WhiteTitle "I"]
[BlackTitle "I++"]
[WhiteElo "1279"]
[BlackElo "1784"]

1. d4 d5 2. Bf4 e6 3. e3 Nf6 4. Nd2 c5 5. c3 Nc6 6. Bd3 Be7 7. Ngf3 a6 8. Ne5 O-O
9. h4 Nd7 10. Qg4 f5 11. Qh3 Ndxe5 12. dxe5 d4 13. exd4 cxd4 14. Nb3 dxc3 15.
bxc3 Qc7 16. Qg3 Na5 17. Rc1 Nc4 18. O-O b5 19. Nd4 Rd8 20. Be2 Nb6 21. Bg5 Bxg5
22. Qxg5 h6 23. Qg6 Qf7 24. Qxf7+ Kxf7 25. Bf3 Nd5 26. Nc6 Rd7 27. Rfd1 Bb7 28.
Na5 Rad8 29. c4 bxc4 30. Nxc4 Ba8 31. Nd6+ Ke7 32. Rc4 Nb6 33. Rc3 Bxf3 34. Rxf3
Nc4 35. Re1 Nxd6 36. exd6+ Kxd6 37. Rfe3 Re8 38. Rd1+ Ke7 39. Rxd7+ Kxd7 40. Ra3
Ra8 41. Rg3 1/2-1/2

[Event "Druzynowe Mistrzostwa Polski Juniorow 2018 - II Liga"]
[Site "Szczyrk"]
[Date "1899-12-30"]
[Round "10.84"]
[White "Gren, Kinga"]
[Black "Ziolo, Oliwia"]
[Result "0-1"]
[WhiteTitle "II+"]
[BlackTitle "I"]
[WhiteElo "1118"]
[BlackElo "1130"]

1. e4 c6 2. d4 g6 3. Nf3 Bg7 4. Nc3 d5 5. h3 dxe4 6. Nxe4 Nd7 7. c3 Ngf6 8. Ng3
Qc7 9. Bd3 O-O 10. Ne2 e5 11. Nxe5 Nxe5 12. dxe5 Qxe5 13. Bf4 Qd5 14. f3 Bf5 15.
Bxf5 Qxf5 16. O-O Nd5 17. Bh2 Ne3 18. Qb3 Nxf1 19. Rxf1 b6 20. Kh1 c5 21. Ng3
Qd7 22. Rd1 Qc6 23. Ne4 Rad8 24. Rf1 Qd5 25. Qa4 Rd7 26. Nf2 Rfd8 27. Bg1 Be5
28. Rd1 Qe6 29. Re1 Qf6 30. Qb3 Qf5 31. Ng4 Bg7 32. Nf2 Qd5 33. Qa4 c4 34. Qc2
Qd2 35. Qb1 b5 36. Ne4 Qd5 37. Qc1 a5 38. Qe3 b4 39. Qf4 bxc3 40. bxc3 Qc6 41.
Qc1 Rd3 42. Qc2 f5 43. Nf2 Rxc3 44. Qe2 Bd4 45. Nd1 Rd3 46. Bxd4 R3xd4 47. Nc3
Rd3 48. Qe5 Qb6 49. Na4 Qd6 50. Qxa5 Rd1 51. Rxd1 Qxd1+ 52. Kh2 Qd2 53. Nc3 Rd3
54. Qa8+ Kg7 55. Nb5 Qf4+ 56. Kg1 Rd1+ 57. Kf2 Qh4+ 58. Ke3 Qg5+ 59. f4 Qg3+ 60.
Qf3 Qe1+ 0-1

[Event "Druzynowe Mistrzostwa Polski Juniorow 2018 - II Liga"]
[Site "Szczyrk"]
[Date "1899-12-30"]
[Round "10.85"]
[White "Majek, Kacper"]
[Black "Niemier, Hubert"]
[Result "1/2-1/2"]
[WhiteTitle "I++"]
[BlackTitle "I"]
[WhiteElo "2088"]
[BlackElo "1748"]

1. b3 d5 2. Bb2 c5 3. e3 Nc6 4. Bb5 Nf6 5. Nf3 Bg4 6. O-O e6 7. h3 Bh5 8. d3 Be7
9. Nbd2 Bxf3 10. Nxf3 O-O 11. Bxc6 bxc6 12. Qe2 Nd7 13. e4 Qc7 14. Rfe1 Rae8 15.
a4 Bd8 16. e5 f6 17. Rab1 fxe5 18. Nxe5 Nxe5 19. Bxe5 Qd7 20. Qe3 Rf7 21. c3 Be7
22. b4 cxb4 23. cxb4 Bd6 24. Qd4 Bxe5 25. Rxe5 Ref8 26. Rb2 Qd6 27. Rbe2 Re7 28.
Qc5 Qxc5 29. bxc5 Kf7 30. Rb2 Kf6 31. Re3 Rfe8 32. a5 e5 33. a6 d4 34. Re4 g5
35. Rb4 Rd8 36. g3 Rd5 37. Rc4 Rg7 38. Kg2 Ke6 39. h4 g4 40. f4 gxf3+ 41. Kxf3
Rf7+ 42. Kg2 Rd8 43. Rb4 Kd5 44. h5 Kxc5 45. Rb2 Kd5 46. Rg4 1/2-1/2

[Event "Druzynowe Mistrzostwa Polski Juniorow 2018 - II Liga"]
[Site "Szczyrk"]
[Date "1899-12-30"]
[Round "10.86"]
[White "Chaczynski, Kamil"]
[Black "Derylo, Kamil"]
[Result "0-1"]
[WhiteTitle "I"]
[BlackTitle "I"]
[WhiteElo "1823"]
[BlackElo "1755"]

1. e4 e6 2. d4 d5 3. Nc3 Bb4 4. e5 Ne7 5. a3 Bxc3+ 6. bxc3 c5 7. Qg4 Kf8 8. Bd3
Qa5 9. Bd2 Qa4 10. Ra2 b6 11. Nh3 Nbc6 12. Qf4 h6 13. O-O Ba6 14. dxc5 Qxf4 15.
Nxf4 Bxd3 16. cxd3 bxc5 17. Rb2 Nxe5 18. Rfb1 Kg8 19. Rb7 Nf5 20. Rc7 g5 21. Nh5
Kh7 22. f4 Nxd3 23. fxg5 Kg6 24. g4 hxg5 25. Rbb7 Nd6 26. Rxa7 Rxa7 27. Rxa7 Nc4
28. Bxg5 Kxg5 29. Rxf7 Kxg4 30. Ng3 Nf4 0-1

[Event "Druzynowe Mistrzostwa Polski Juniorow 2018 - II Liga"]
[Site "Szczyrk"]
[Date "1899-12-30"]
[Round "10.87"]
[White "Zhydachevskyy, Yulian"]
[Black "Skrzypinski, Jan"]
[Result "0-1"]
[WhiteTitle "II"]
[BlackTitle "II"]
[WhiteElo "1376"]
[BlackElo "1406"]

1. d4 Nf6 2. Bf4 e6 3. e3 d5 4. Bd3 c5 5. c3 Nc6 6. Nf3 Bd7 7. O-O Be7 8. Nbd2
O-O 9. Re1 c4 10. Bc2 b5 11. b3 Nh5 12. Bg3 f5 13. Ne5 Nf6 14. f4 a5 15. a4 cxb3
16. Bxb3 b4 17. cxb4 Bxb4 18. Qe2 Ne4 19. Nef3 Rb8 20. Bc2 Bc3 21. Ra3 Qe7 22.
Rb3 Rxb3 23. Nxb3 Nxg3 24. hxg3 Bxe1 25. Qxe1 Nb4 26. Na1 Rc8 27. Bb3 Nd3 28.
Qd2 Rc1+ 29. Kh2 Rxa1 30. Qxd3 Ra3 31. Qd1 Qb4 32. Bc2 Qc3 33. Qb1 Qb4 34. Qc1
Rc3 35. Ne5 Bxa4 36. Qd1 Rxc2 37. Qh5 Qf8 38. Nd3 Qf7 39. Qh4 Qf6 40. Qh5 Qh6
41. Qxh6 gxh6 42. Nc5 Rxc5 43. dxc5 Bc6 0-1

[Event "Druzynowe Mistrzostwa Polski Juniorow 2018 - II Liga"]
[Site "Szczyrk"]
[Date "1899-12-30"]
[Round "10.88"]
[White "Tadych, Olgierd"]
[Black "Derylo, Maksymilian"]
[Result "1-0"]
[WhiteTitle "II"]
[BlackTitle "II"]
[WhiteElo "1235"]
[BlackElo "1199"]

1. e4 c5 2. c3 d6 3. d4 cxd4 4. cxd4 a6 5. Nf3 Nf6 6. Nc3 Nbd7 7. Bd3 g6 8. O-O
Bg7 9. h3 O-O 10. Re1 Nb6 11. Bf4 Nfd7 12. Rc1 e5 13. dxe5 Bxe5 14. Nxe5 Nxe5
15. Nd5 Nxd5 16. exd5 Re8 17. Bc2 Bd7 18. Bb3 Bb5 19. Bxe5 Rxe5 20. Rxe5 dxe5
21. d6 Rc8 22. Rxc8 Qxc8 23. Kh2 Qf5 24. Kg1 Bd7 25. Qc1 Bc6 26. Qd1 Qg5 27. Bd5
Bd7 28. Qf3 Bf5 29. g4 h5 30. Kf1 hxg4 31. hxg4 Qxg4 32. Qxg4 Bxg4 33. Bxb7 a5
34. Bc6 Kf8 35. a3 f6 36. b4 Kf7 37. b5 Ke6 38. d7 Ke7 39. b6 Bf3 40. b7 1-0

[Event "Druzynowe Mistrzostwa Polski Juniorow 2018 - II Liga"]
[Site "Szczyrk"]
[Date "1899-12-30"]
[Round "10.89"]
[White "Laszczuk, Zuzanna"]
[Black "Niemier, Martyna"]
[Result "0-1"]
[WhiteTitle "I"]
[BlackTitle "II"]
[WhiteElo "1355"]
[BlackElo "1144"]

1. e4 e6 2. d4 d5 3. Bd3 dxe4 4. Bxe4 Nf6 5. Bf3 Be7 6. Nc3 c6 7. Nge2 O-O 8. O-O
Nbd7 9. Bf4 Nb6 10. Qd3 Nbd5 11. Bg3 Bd6 12. Bh4 Qc7 13. h3 Bd7 14. Ne4 Nb4 15.
Nxf6+ gxf6 16. Qe4 f5 17. Qe3 Nxc2 18. Qg5+ Kh8 19. Qh6 f6 20. Bxf6+ Rxf6 21.
Qxf6+ Kg8 22. Bh5 Rf8 23. Qg5+ Kh8 24. Rac1 Nb4 25. a3 Nd5 26. Qh4 Rg8 27. Kh1
Be7 28. Qg3 Rxg3 29. Nxg3 Bh4 30. Ne2 Nf6 31. Bf3 Bg5 32. Rc3 Nd5 33. Bxd5 exd5
34. f4 Bf6 35. Rd3 Be8 36. Ng3 Bf7 37. Rd2 Qb6 38. Nxf5 Bg6 39. Ng3 Bxd4 40. f5
Be5 41. Ne2 Bf7 42. f6 Qe3 43. Rc2 Qg5 44. Rf3 Bxf6 45. Rg3 Qf5 46. Rc1 Qe5 47.
Re1 Bh4 48. Rf3 Bxe1 0-1

[Event "Druzynowe Mistrzostwa Polski Juniorow 2018 - II Liga"]
[Site "Szczyrk"]
[Date "1899-12-30"]
[Round "10.90"]
[White "Gac-mytych, Sara"]
[Black "Salamon, Julia"]
[Result "0-1"]
[WhiteTitle "III"]
[BlackTitle "I"]
[WhiteElo "1000"]
[BlackElo "1098"]

1. c4 e5 2. Nc3 Nf6 3. e4 c5 4. g3 Nc6 5. Bg2 d6 6. Nge2 Be7 7. O-O O-O 8. d3 h6
9. h3 Bd7 10. Kh2 Kh7 11. Be3 a6 12. Qd2 Nd4 13. Rac1 Qc8 14. Nd5 Nxd5 15. exd5
Bxh3 16. Bxd4 Bxg2 17. Kxg2 cxd4 18. Rcd1 b5 19. cxb5 axb5 20. a3 Qb7 21. f4 Qxd5+
22. Kg1 f5 23. Kh2 Rf6 24. Kg1 h5 25. Rf2 Raf8 26. Rh2 Rh6 27. Kf1 Qf3+ 28. Ke1
h4 29. Rf2 Qg4 30. Qb4 hxg3 31. Rg2 Rh2 32. Rxh2+ gxh2 33. Kd2 Qf3 34. fxe5 Bg5+
35. Kc2 Qxe2+ 36. Kb3 Qxd1+ 37. Ka2 Qxd3 38. Qe1 Qc4+ 39. Kb1 Qc1+ 40. Qxc1 Bxc1
41. Kxc1 dxe5 42. Kc2 Rc8+ 43. Kb3 Rc4 44. a4 Qh1 45. axb5 Qc1 46. b6 Qc2+ 47.
Ka3 Ra4# 0-1

[Event "Druzynowe Mistrzostwa Polski Juniorow 2018 - II Liga"]
[Site "Szczyrk"]
[Date "1899-12-30"]
[Round "10.91"]
[White "Gazda, Dominik"]
[Black "Krzywnicka, Maria"]
[Result "1-0"]
[WhiteTitle "I"]
[BlackTitle "I++"]
[WhiteElo "1567"]
[BlackElo "1845"]

1. Nf3 c5 2. e4 d6 3. d4 cxd4 4. Nxd4 Nf6 5. Nc3 a6 6. Bg5 e6 7. f4 Be7 8. Qf3
h6 9. Bxf6 Bxf6 10. O-O-O Nd7 11. Nb3 Qc7 12. g4 Bxc3 13. bxc3 Nc5 14. e5 dxe5
15. fxe5 Qxe5 16. Bg2 O-O 17. h4 Rb8 18. g5 Nxb3+ 19. cxb3 hxg5 20. hxg5 Qxg5+
21. Kb2 e5 22. Rh5 Qg4 23. Rdh1 f6 24. Qd5+ Be6 25. R5h4 Rbd8 26. Qxb7 Rd7 27.
Rxg4 Rxb7 28. Bxb7 Bxg4 29. Bd5+ Rf7 30. Bxf7+ Kxf7 31. c4 Bf3 32. Rf1 Bc6 33.
Kc3 g5 34. Kd3 g4 35. b4 Ba4 36. Ke3 Ke6 37. Rb1 f5 38. b5 f4+ 39. Kf2 axb5 40.
cxb5 g3+ 41. Kg1 Kf5 42. b6 Bc6 43. b7 Bxb7 44. Rxb7 f3 45. Kf1 e4 46. a4 e3 47.
Rg7 Kf4 48. a5 g2+ 49. Kg1 Ke4 50. a6 Kd3 51. a7 e2 52. Kf2 Kd2 53. Rd7+ Kc2 54.
Re7 1-0

[Event "Druzynowe Mistrzostwa Polski Juniorow 2018 - II Liga"]
[Site "Szczyrk"]
[Date "1899-12-30"]
[Round "10.92"]
[White "Gozdzicki, Maciej"]
[Black "Chodorowski, Adrian"]
[Result "1/2-1/2"]
[WhiteTitle "II+"]
[BlackTitle "II"]
[WhiteElo "1699"]
[BlackElo "1287"]

1. d4 d5 2. Nf3 Nc6 3. e3 Nf6 4. b3 Bg4 5. Be2 e6 6. O-O Bd6 7. Bb2 O-O 8. Nbd2
Ne7 9. Ne5 Bxe2 10. Qxe2 c6 11. f4 Nd7 12. Rf3 f5 13. Raf1 Qe8 14. Rh3 Rf6 15.
Rff3 Ng6 16. Rfg3 Nh8 17. Ndf3 h6 18. c4 Be7 19. Nxd7 Qxd7 20. Ne5 Qe8 21. Bc3
Nf7 22. Nxf7 Qxf7 23. Rf3 Qf8 24. Rf1 a5 25. Rb1 Bb4 26. Qc2 Bxc3 27. Qxc3 Qa3
28. Qc2 Rf7 29. Rf3 Qd6 30. Rf2 Rc7 31. c5 Qd8 32. b4 axb4 33. Rxb4 Ra7 34. a4
Rc8 35. Qb3 Rb8 36. Rb6 Rba8 37. Ra2 Qc8 38. h3 h5 39. a5 Kh7 40. Rb2 Rxa5 41.
Rxb7 Ra3 42. Qd1 Ra1 43. Rb1 Qxb7 44. Rxa1 Rxa1 45. Qxa1 Qb3 46. Qe1 g6 47. Kf2
Kg7 48. Kf3 Qd3 49. g4 fxg4+ 50. hxg4 Qe4+ 51. Kg3 hxg4 52. Kxg4 Qg2+ 53. Qg3
Qxg3+ 54. Kxg3 Kf7 1/2-1/2

[Event "Druzynowe Mistrzostwa Polski Juniorow 2018 - II Liga"]
[Site "Szczyrk"]
[Date "1899-12-30"]
[Round "10.93"]
[White "Kucza, Kamil"]
[Black "Majdanski, Maksymilian"]
[Result "0-1"]
[WhiteTitle "II"]
[BlackTitle "I"]
[WhiteElo "1000"]
[BlackElo "1751"]

1. e4 c5 2. c4 d6 3. d3 Nc6 4. Nf3 g6 5. Be2 Bg7 6. Nc3 Nf6 7. O-O O-O 8. h3 Bd7
9. Bg5 a6 10. a3 Rb8 11. Re1 b5 12. b3 h6 13. Bh4 Nh7 14. Rc1 Qa5 15. Nd5 g5 16.
b4 Qd8 17. Bg3 Bb2 18. bxc5 Bxa3 19. cxd6 Bxd6 20. Bxd6 exd6 21. Ra1 a5 22. Qd2
b4 23. Reb1 Be6 24. d4 Ra8 25. Ne3 Ne7 26. e5 dxe5 27. Nxe5 Qc7 28. Bf3 Rad8 29.
Bg4 Qxe5 30. Bxe6 fxe6 31. dxe5 Rxd2 32. Rxa5 Rdxf2 33. Rxb4 Nc6 34. Rab5 Nxb4
35. Rxb4 Re2 36. Ng4 h5 0-1

[Event "Druzynowe Mistrzostwa Polski Juniorow 2018 - II Liga"]
[Site "Szczyrk"]
[Date "1899-12-30"]
[Round "10.94"]
[White "Szachowicz, Mateusz"]
[Black "Guzik, Michal"]
[Result "0-1"]
[WhiteTitle "III"]
[BlackTitle "II"]
[WhiteElo "1081"]
[BlackElo "1188"]

1. e4 c5 2. Nf3 Nc6 3. d4 cxd4 4. Nxd4 g6 5. Nc3 Bg7 6. Be3 Nf6 7. f3 Qa5 8. Qd2
Qb4 9. O-O-O O-O 10. h4 d6 11. g4 Bd7 12. h5 Nxd4 13. Bxd4 a5 14. hxg6 fxg6 15.
Qh2 e5 16. Be3 Be6 17. Bg5 Rf7 18. Kb1 a4 19. a3 Qc5 20. Nb5 d5 21. Nc3 d4 22.
Na2 Rc8 23. Nb4 Rcc7 24. Bd3 Bf8 25. Rdf1 Nd7 26. Bh6 Bd6 27. Qh4 Rc8 28. g5 Rf4
29. Qg3 Qa5 0-1

[Event "Druzynowe Mistrzostwa Polski Juniorow 2018 - II Liga"]
[Site "Szczyrk"]
[Date "1899-12-30"]
[Round "10.95"]
[White "Uliasz, Katarzyna"]
[Black "Partyka, Justyna"]
[Result "1-0"]
[WhiteTitle "I"]
[BlackTitle "II"]
[WhiteElo "1236"]
[BlackElo "1141"]

1. d4 d5 2. Bf4 c5 3. c3 Nc6 4. e3 Nf6 5. Nf3 e6 6. Bd3 b6 7. Nbd2 Bb7 8. O-O Bd6
9. Bxd6 Qxd6 10. e4 dxe4 11. Nxe4 Qe7 12. dxc5 bxc5 13. Qe2 O-O 14. Ng3 Rfd8 15.
Rfd1 Rd7 16. Ba6 Rb8 17. Rxd7 Qxd7 18. Bxb7 Rxb7 19. b3 Nd5 20. Qc2 Qe7 21. Re1
Qf6 22. Ne4 Qg6 23. Qc1 Rc7 24. Nxc5 Qf6 25. Ne4 Qg6 26. Ng3 Ncb4 27. c4 Nd3 28.
Ne5 Nxc1 29. Nxg6 Nd3 30. Rd1 N5b4 31. Ne5 Nxe5 32. Rd8# 1-0

[Event "Druzynowe Mistrzostwa Polski Juniorow 2018 - II Liga"]
[Site "Szczyrk"]
[Date "1899-12-30"]
[Round "10.96"]
[White "Gorska, Marcelina"]
[Black "Mansz, Martyna"]
[Result "0-1"]
[WhiteTitle "IV"]
[BlackTitle "III"]
[WhiteElo "1000"]
[BlackElo "1063"]

1. c4 d5 2. b3 dxc4 3. bxc4 Qd4 4. Nc3 Qxc4 5. g3 Qc6 6. Nf3 Bg4 7. Bg2 Nd7 8.
Bb2 Ne5 9. e4 Nd3+ 10. Kf1 Qb6 11. Qe2 Nxb2 12. Rb1 Bxf3 13. Bxf3 e6 14. Kg2 Ba3
15. Nb5 Qa5 16. Rbc1 c6 17. Nc3 Na4 18. Rb1 Nxc3 19. dxc3 Ne7 20. Rxb7 O-O 21.
e5 Rab8 22. Rxb8 Rxb8 23. Bg4 Rb2 24. Qf3 Bc5 25. h4 Rxf2+ 0-1